| 000 | 00624nam a22001577a 4500 | ||
|---|---|---|---|
| 003 | OSt | ||
| 005 | 20150916095003.0 | ||
| 008 | 150916b xxu||||| |||| 00| 0 eng d | ||
| 040 | _cRUA | ||
| 082 | _aAGR KEA 2003 B028 Or.1 | ||
| 100 |
_9565 _aKEA, RAKSA. |
||
| 245 | _aDynamic of farming system on the periphery of sihanouk ville ការសិក្សាពីបំរែបំរួលនៃប្រព័ន្ធផលិតកម្មកសិកម្មនៅជុំវិញទីក្រុងព្រះសីហនុ | ||
| 260 |
_aPhnom Penh _bRUA _c2003 |
||
| 300 |
_a71p. _bill. _c29cm. |
||
| 942 |
_2ddc _cAGR |
||
| 999 |
_c542 _d542 |
||